Praktice your modal verbs /

Uložené v:
Podrobná bibliografia
Hlavný autor: Watkins, Mike (Author)
Médium: Kniha
Jazyk:English
Vydané: Essex : Longman Group UK Limited, 1991
Vydanie:3rd. ed.
ISBN: 0582009936 (brož.)
Fyzický popis: 59 s.
Tagy: Pridať tag
Žiadne tagy, Buďte prvý kto otaguje tento záznam!

MARC

LEADER 00000nam a2200000 a 4500
001 000190621
005 20060516170059.0
008 060420s1991 xxk e 000 0 engo
020 |a 0582009936 (brož.) 
040 |a SVKKK  |b slo  |c SVKKK  |e AACR2 
041 0 |a eng 
044 |a xxk  |c GB 
100 1 |a Watkins, Mike  |4 aut 
245 1 0 |a Praktice your modal verbs /  |c Mike Watkins 
250 |a 3rd. ed. 
260 |a Essex :  |b Longman Group UK Limited,  |c 1991 
300 |a 59 s. 
910 |a svkkk 
919 |a 0-582-00993-6 
998 |a BK 
090 |g SCKHL  |k Sklad Pribinova prízemie  |a IV.159061  |j 826418  |i 2720143738  |s Absenčne